[Event "Titled Tuesday intern op 11th May"]
[Site "Chess.com INT"]
[Date "2021.05.11"]
[Round "2"]
[White "Laxman, Rajaram"]
[Black "Eden, James"]
[Result "0-1"]
[WhiteElo "2411"]
[BlackElo "2294"]
[PlyCount "78"]
[EventDate "2021.05.11"]
[EventType "swiss (blitz)"]
[EventRounds "11"]
[EventCountry "USA"]
[SourceTitle "CBM 202 Extra"]
[Source "ChessBase"]
[SourceDate "2021.07.31"]
[SourceVersion "1"]
[SourceVersionDate "2021.07.31"]
[SourceQuality "1"]

1. d4 d5 2. Nf3 Nf6 3. c4 c6 4. e3 Bf5 5. Nc3 a6 6. Bd3 Bg6 7. 0-0 e6 8. a3 Nbd7 9. b4 Bd6 10. Bb2 0-0 11. Re1 Ne4 12. Bxe4 dxe4 13. Nd2 f5 14. Qb3 Qe7 15. d5 exd5 16. cxd5 Kh8 17. Nc4 Bc7 18. Rad1 Qh4 19. g3 Qh3 20. dxc6 Bh5 21. f4 exf3 22. Qc2 Nf6 23. Nd5 Ng4 24. Rf1 Bxg3 25. Nf4 Bxh2+ 26. Kh1 Bxf4+ 27. Kg1 Bh2+ 28. Kh1 Bg3+ 29. Kg1 f2+ 30. Rxf2 Bxf2+ 31. Qxf2 Nxf2 32. Rd7 Qg3+ 33. Kf1 bxc6 34. Be5 Qh3+ 35. Kxf2 Qf3+ 36. Kg1 Rf7 37. Rd6 Qg4+ 38. Kf2 Qxc4 39. Rd4 Qc2+ 0-1

[Event "Titled Tuesday intern op 11th May"]
[Site "Chess.com INT"]
[Date "2021.05.11"]
[Round "11"]
[White "Postny, Evgeny"]
[Black "Eden, James"]
[Result "1-0"]
[WhiteElo "2582"]
[BlackElo "2294"]
[PlyCount "91"]
[EventDate "2021.05.11"]
[EventType "swiss (blitz)"]
[EventRounds "11"]
[EventCountry "USA"]
[SourceTitle "CBM 202 Extra"]
[Source "ChessBase"]
[SourceDate "2021.07.31"]
[SourceVersion "1"]
[SourceVersionDate "2021.07.31"]
[SourceQuality "1"]

1. e4 c5 2. b4 cxb4 3. a3 d5 4. exd5 Qxd5 5. Nf3 Bg4 6. c4 Bxf3 7. cxd5 Bxd1 8. Kxd1 Nf6 9. Bc4 Nbd7 10. axb4 Nb6 11. Bb5+ Kd8 12. d6 e6 13. Nc3 Bxd6 14. Be2 Bxb4 15. Bf3 Bxc3 16. dxc3 Nfd5 17. Bd2 a6 18. Rb1 Kc7 19. Re1 Rhd8 20. Kc2 Rac8 21. Bg5 Rd7 22. Kb3 Kb8 23. Rbc1 h6 24. Bh4 Ka7 25. Bg3 Rc5 26. Be5 Rb5+ 27. Kc2 Nc4 28. Bd4+ Kb8 29. Be2 Rb2+ 30. Kd3 Nf4+ 31. Kxc4 Nxe2 32. Be5+ Kc8 33. Rcd1 Rxd1 34. Rxd1 f6 35. Bd6 Rc2 36. Kd3 Rxc3+ 37. Kxe2 Rc2+ 38. Ke3 b5 39. Bf8 g6 40. Bxh6 a5 41. Bg7 f5 42. Ra1 a4 43. Rb1 Rc5 44. Bf8 Rd5 45. Kf4 Kd7 46. Kg5 1-0

[Event "Titled Tuesday intern op 11th May"]
[Site "Chess.com INT"]
[Date "2021.05.11"]
[Round "5"]
[White "Sasikiran, Krishnan"]
[Black "Eden, James"]
[Result "1-0"]
[WhiteElo "2647"]
[BlackElo "2294"]
[PlyCount "107"]
[EventDate "2021.05.11"]
[EventType "swiss (blitz)"]
[EventRounds "11"]
[EventCountry "USA"]
[SourceTitle "CBM 202 Extra"]
[Source "ChessBase"]
[SourceDate "2021.07.31"]
[SourceVersion "1"]
[SourceVersionDate "2021.07.31"]
[SourceQuality "1"]

1. e4 e5 2. Nf3 Nc6 3. Bb5 Nf6 4. 0-0 Nxe4 5. d4 Nd6 6. Bxc6 dxc6 7. dxe5 Nf5 8. Qxd8+ Kxd8 9. h3 h5 10. Nc3 Ke8 11. Ne2 c5 12. Bg5 Be7 13. Rad1 Bd7 14. Rfe1 Bc6 15. Bxe7 Kxe7 16. Ng3 Nxg3 17. fxg3 Rad8 18. Ng5 Rxd1 19. Rxd1 f6 20. exf6+ gxf6 21. Nf3 Kf7 22. Kf2 Re8 23. Rd3 Re4 24. Nd2 Ra4 25. a3 b5 26. Rd8 Rd4 27. Rxd4 cxd4 28. Nb3 Be4 29. Nxd4 a6 30. b4 Ke7 31. c3 Kd6 32. Nb3 Bc6 33. Nc5 a5 34. g4 hxg4 35. h4 axb4 36. cxb4 Ke5 37. g3 f5 38. Ke3 f4+ 39. gxf4+ Kf5 40. h5 g3 41. h6 Kg6 42. Ne6 g2 43. Kf2 Kxh6 44. Nd4 Bd7 45. Kxg2 Kg6 46. Kf3 Kf6 47. Ke4 c6 48. Nb3 Be6 49. Nc5 Bd5+ 50. Ke3 Kf5 51. Nd3 Bc4 52. Ne5 Bd5 53. Nf3 Be4 54. Nd4+ 1-0

[Event "Europe Echecs Blitz May op"]
[Site "Europe Echecs INT"]
[Date "2021.05.09"]
[Round "7"]
[White "Eden, James"]
[Black "Guliyev, Namig"]
[Result "0-1"]
[WhiteElo "2294"]
[BlackElo "2538"]
[PlyCount "54"]
[EventDate "2021.05.09"]
[EventType "swiss (blitz)"]
[EventRounds "11"]
[EventCountry "FRA"]
[SourceTitle "CBM 202 Extra"]
[Source "ChessBase"]
[SourceDate "2021.07.31"]
[SourceVersion "1"]
[SourceVersionDate "2021.07.31"]
[SourceQuality "1"]

1. e4 c5 2. Nf3 e6 3. c3 d5 4. exd5 Qxd5 5. d4 Nf6 6. Be3 cxd4 7. cxd4 Nc6 8. Nc3 Qd6 9. Bd3 Be7 10. 0-0 0-0 11. Qe2 Rd8 12. Rad1 Bd7 13. Bb1 Be8 14. a3 Rac8 15. Ba2 Nd5 16. Nxd5 exd5 17. Ne5 Nxe5 18. Bf4 Bb5 19. Qxb5 Nf3+ 20. gxf3 Qxf4 21. Kg2 Rc6 22. Rfe1 Bd6 23. Qxd5 Qxh2+ 24. Kf1 Rf8 25. Re8 Qh1+ 26. Ke2 Rxe8+ 27. Kd2 Bf4+ 0-1

[Event "Europe Echecs Blitz May op"]
[Site "Europe Echecs INT"]
[Date "2021.05.09"]
[Round "8"]
[White "Lissillour, Baptiste"]
[Black "Eden, James"]
[Result "0-1"]
[WhiteElo "1771"]
[BlackElo "2294"]
[PlyCount "60"]
[EventDate "2021.05.09"]
[EventType "swiss (blitz)"]
[EventRounds "11"]
[EventCountry "FRA"]
[SourceTitle "CBM 202 Extra"]
[Source "ChessBase"]
[SourceDate "2021.07.31"]
[SourceVersion "1"]
[SourceVersionDate "2021.07.31"]
[SourceQuality "1"]

1. e4 c5 2. Nf3 d6 3. d4 cxd4 4. Nxd4 Nf6 5. Nc3 Nc6 6. Bg5 e6 7. Qd2 Be7 8. 0-0-0 Nxd4 9. Qxd4 0-0 10. f4 h6 11. h4 hxg5 12. hxg5 Ng4 13. Be2 e5 14. Qg1 exf4 15. Bxg4 Bxg5 16. Bf3 Be6 17. e5 Rc8 18. Ne4 Bh6 19. Rxd6 Qa5 20. Kb1 Qxa2+ 21. Kc1 Qa1+ 22. Kd2 Qxb2 23. Qb1 Qxe5 24. Qb4 Rfd8 25. Rxd8+ Rxd8+ 26. Ke2 f5 27. Qc5 Bd5 28. Kf2 fxe4 29. Bg4 e3+ 30. Ke2 Bf3+ 0-1

[Event "Europe Echecs Blitz May op"]
[Site "Europe Echecs INT"]
[Date "2021.05.09"]
[Round "6"]
[White "Texier, Cesar"]
[Black "Eden, James"]
[Result "0-1"]
[WhiteElo "1458"]
[BlackElo "2294"]
[PlyCount "74"]
[EventDate "2021.05.09"]
[EventType "swiss (blitz)"]
[EventRounds "11"]
[EventCountry "FRA"]
[SourceTitle "CBM 202 Extra"]
[Source "ChessBase"]
[SourceDate "2021.07.31"]
[SourceVersion "1"]
[SourceVersionDate "2021.07.31"]
[SourceQuality "1"]

1. e4 c5 2. Nf3 d6 3. d4 cxd4 4. Nxd4 Nf6 5. Nc3 Nc6 6. Bg5 e6 7. Qd2 Be7 8. 0-0-0 Nxd4 9. Qxd4 0-0 10. f4 h6 11. Bh4 Qa5 12. e5 dxe5 13. fxe5 Nd5 14. Bxe7 Nxe7 15. Kb1 Nc6 16. Qf4 Qxe5 17. Qxe5 Nxe5 18. Bb5 a6 19. Ba4 b5 20. Bb3 Bb7 21. Rhe1 Ng6 22. g3 Rad8 23. a4 b4 24. Rxd8 Rxd8 25. Ne4 a5 26. Nc5 Bc6 27. Nxe6 Re8 28. c3 bxc3 29. bxc3 fxe6 30. Rxe6 Rxe6 31. Bxe6+ Kf8 32. Bb3 Ke7 33. Kc2 Kd6 34. Kd3 Ne5+ 35. Ke2 Nd7 36. Ke3 Nc5 37. Kf4 Nxb3 0-1

[Event "Europe Echecs Blitz May op"]
[Site "Europe Echecs INT"]
[Date "2021.05.09"]
[Round "10"]
[White "Zienkiewicz, Jan"]
[Black "Eden, James"]
[Result "1-0"]
[WhiteElo "1882"]
[BlackElo "2294"]
[PlyCount "35"]
[EventDate "2021.05.09"]
[EventType "swiss (blitz)"]
[EventRounds "11"]
[EventCountry "FRA"]
[SourceTitle "CBM 202 Extra"]
[Source "ChessBase"]
[SourceDate "2021.07.31"]
[SourceVersion "1"]
[SourceVersionDate "2021.07.31"]
[SourceQuality "1"]

1. e4 e5 2. Nf3 Nc6 3. Bc4 Nf6 4. d3 Bc5 5. c3 0-0 6. 0-0 a6 7. a4 Ba7 8. Nbd2 d5 9. exd5 Nxd5 10. Re1 f6 11. Nf1 Re8 12. Be3 Be6 13. Bxa7 Rxa7 14. d4 Qd6 15. Ng3 exd4 16. Nxd4 Nxd4 17. Qxd4 c5 18. Rxe6 1-0